LEADER 01314nam a2200289 u 4500 001 000000108934 003 CaOOAMICUS 005 20080109155000.0 008 080109s2007 sp u000 u spa u 020 $z978-84-9840-141-7* 040 $aPUL$bita$dBc 041 0 $aspa 100 1 $aMelina, Livio,$csac.,$d1952-$0(OLS)http://pul/name/7558 245 10$aCaminar a luz del amor :$blos fundamentos de la moral cristiana /$cL. Melina - J. Noriega - J.J. Pérez-Soba. 260 $aMadrid :$bPalabra,$cc2007. 300 $a923 p. ;$c24 cm. 490 1 $aColección Pelícano$aManuales 650 4$aMorale cristiana.$0(OLS)http://pul/subject/33527 700 1 $aPérez-Soba Diez Del Corral, Juan,$csac.,$d1964-$0(OLS)http://pul/name/41481 700 1 $aNoriega, José,$csac.,$d1965-$0(OLS)http://pul/name/33840 830 0$aColección Pelícano$pManuales.$0(OLS)http://pul/title/137062 850 $aPUL 852 $aPUL$W1$xSL Religione 3$y85$m241. 042 MELLI 1$j124307$qDDC 21$B123142$CPULBib$Z2$F123142 $H106096 $82 941 1 $a9 996 $6020$z978-84-9840-141-7*$9(OLS)http://pul/number/136641 996 $6245$aCaminar a luz del amor :$blos fundamentos de la moral cristiana$9(OLS)http://pul/title/137060 996 $6260$aMadrid :$bPalabra$9(OLS)http://pul/publisher/60138 LEADER 01199nam a2200289 i 4500 001 000000109718 003 CaOOAMICUS 005 20080213120153.0 008 080213s1992 be u000 u fre c 020 $a2-503-36062-9 020 $a2-503-36000-9 040 $aUPS$bita$dDP$dPUL$dLDB 100 1 $aBoyer, Régis.$0(OLS)http://pul/name/2077 245 13$aLa poésie scaldique /$cpar Régis Boyer. 260 $aTurnhout :$bBrepols,$c1992. 300 $a90 p. ;$c24 cm. 490 1 $aTypologie des sources du Moyen Âge Occidental ;$v062 504 $aInclude riferimenti bibliografici. 650 4$aPoesia scaldica.$0(OLS)http://pul/subject/34001 830 0$aTypologie des sources du Moyen Âge Occidental ;$v062.$0(OLS)http://pul/title/745 850 $aPUL 852 $aPUL$W1$xSL Cons. Gen., Altre Classi 1$y1$m2022 A 62$j125562$qStampati$B124290$CPULBib$Z2$F124290 $H70619 $82 941 1 $a8 996 $6020$a2-503-36062-9$9(OLS)http://pul/number/137082 996 $6020$a2-503-36000-9$9(OLS)http://pul/number/691 996 $6245$aLa poésie scaldique$9(OLS)http://pul/title/138007 996 $6260$aTurnhout :$bBrepols$9(OLS)http://pul/publisher/47850